000 00673nam a2200205 a 4500
001 000034364
005 20200930073647.0
008 111003s1995 co 000 0 spa d
020 _a8482808947
040 _aDO-SdBNP
_bspa
_cBNPHU
082 _axxxx
_bS487n, 1995
100 1 _aSerrano, Marcela
_959788
245 1 0 _aNosotras que nos queremos tanto. /
_cMarcela Serrano.
250 _a18a ed.
260 _aSantafé de Bogotá :
_bOveja Negra,
_c1995.
300 _a295 p. ;
_c22 cm.
500 _aEn la cubierta: Premio a la mejor novela hispanoamericana de 1994 escrita por una mujer
586 _aPremio a la mejor novela hispanoamericana de 1994
049 _aBNPD
999 _c33855
_d33855